Normal view MARC view
  • Sabatini, María Belén

Entry Nombre Personal

Number of records used in: 1

001 - NUMERO DE CONTROL

  • campo de control: 44855

003 - IDENTIFICADOR DE NUMERO DE CONTROL

  • campo de control: UPN

005 - FECHA Y HORA DE LA ÜLTIMA TRANSACCIÓN

  • campo de control: 20220614080443.0

008 - DATOS DE LONGITUD FIJA

  • campo de control de longitud fija: 220614|| acnnnaabn | a|a d

024 70 - OTROS IDENTIFICADORES NORMALIZADOS

  • Fuente: orcid
  • Número normalizado o código: 0000-0002-0059-3139

040 ## - FUENTE DE CATALOGACIÓN

  • Agencia original de catalogación: MX-MxUPN

100 1# - ENCABEZAMIENTO - NOMBRE PERSONAL

  • Nombre personal: Sabatini, María Belén

370 ## - LUGAR ASOCIADO

  • Associated country: Argentina

371 ## - DIRECCIÓN

  • Electronic mail address: belen_sabatini@gmail.com

372 ## - CAMPO DE ACTIVIDAD

  • Field of activity: Ciencias sociales

373 ## - GRUPO ASOCIADO

  • Associated group: Universidad Nacional de Mar del Plata

375 ## - GÉNERO

  • Gender: femenino

377 ## - LENGUA ASOCIADA

  • Language code: spa

400 1# - VEÁSE - NOMBRE DE PERSONA

  • Personal name: Sabatini, Belén

670 ## - FUENTE EN LA QUE SE LOCALIZARON DATOS

  • Cita de la fuente: En recurso en línea Avances en psicología latinoamericana, Vol. 38, no. 3 (2020):
  • Información localizada: página 1 (Belén Sabatini)
  • Uniform Resource Identifier: https://revistas.urosario.edu.co/index.php/apl/article/view/7901/9498

902 ## - CATALOGADOR

  • Catalogador: RGJD/140622